000 00913nam a2200193 a 4500
001 46747
005 20180714030435.0
008 140415s1993 it 000 0 ita d
041 _aita
082 _a195
_bOPE
100 1 _aSCIACCA, MICHELE FEDERICO
245 1 0 _aIN SPIRITO E VERITA
250 _a1a ed.
260 _aITALIA :
_bLEPOS,
_c1993
300 _a
_c14.5 x 3 x 22.6
490 _aOPERE DI MICHELE FEDERICO SCIACCA
520 _aRACCOLGO IN QUESTO VOLUME, RIVISTI NELLA FORMA RAGGRUPPATI E DISPOSTI SECONDO UNA LINEA IDEALE DI PENSIERO, I <<CORSIVI>> PUBBLICATI DAL 1946 AL 1951 NELLA RIVISTA HUMANITAS CON I DUE PSEUDONIMI DI <<GORIANO DI GONA>> E <<APRICUS>>, ASSIEME AD ALTRI EDITI SEMPRE CON PSEUDONIMI IN LOGOS(1940-1943) E NELLA STESSA HUMANITAS; OLTRE AD OTTO SCRITTI CHE HANNO VISTO LA LUCE CON IL MIO NOME IN CIRCONSTANZE VARIE.
650 1 4 _aFILOSOFIA MODERNA
_xITALIA
999 _c46747
_d46747